000 00339nam a2200157Ia 4500
001 8129
003 GE_BSU
008 181216s||||||||xx |||||||||||||| ||und||
040 _cGE_BSU
245 _aLe Point, №2144.17 octobre 2013.
260 _aParis.
260 _c2013.
300 _a98pg.27cm. ill.
653 _aLe Point
942 _cCR
999 _c41463
_d41463